Trabajo agrícola asalariado y diferenciación social (II) /
Na minha lista:
| Autor principal: | |
|---|---|
| Formato: | Texto |
| Idioma: | Spanish |
| Assuntos: | |
| Tags: |
Adicionar Tag
Sem tags, seja o primeiro a adicionar uma tag!
|
MARC
| LEADER | 00000 a a2200000 04500 | ||
|---|---|---|---|
| 001 | 43014 | ||
| 003 | cru CRAI/IIS | ||
| 005 | 20210505095830.0 | ||
| 008 | 210505b |||||||| |||| 00| 0 spa d | ||
| 040 | |c cru CRAI/IIS | ||
| 100 | 1 | |a Flores Alvarado, Humberto | |
| 245 | 1 | |a Trabajo agrícola asalariado y diferenciación social (II) / |c Humberto Flores Alvarado | |
| 500 | |a Colección Centroamérica | ||
| 650 | |a TRABAJADORES AGRICOLAS | ||
| 650 | |a SALARIOS | ||
| 650 | |a TRABAJO DE MENORES | ||
| 650 | |a MIGRACION | ||
| 773 | |g volumen4, número12 (1975), páginas 93-122 | ||
| 773 | 0 | |0 18875 |9 5488 |a Universidad de Costa Rica. |d San José, Costa Rica: Universidad de Costa Rica. Consejo Superior Universitario Centroamericano, 1972- |o 13774 |t Estudios Sociales Centroamericanos / |x 03039676 | |
| 942 | |2 ddc |c PP | ||
| 999 | |c 39985 |d 39985 | ||
